| 000 | 00726nam a22002297a 4500 | ||
|---|---|---|---|
| 003 | 0 | ||
| 005 | 20241118101631.0 | ||
| 008 | 240921b xxu||||| |||| 00| 0 eng d | ||
| 020 | _a978-0-357-65805-5 | ||
| 050 |
_aGN 270 _b.M38 2023 |
||
| 100 | _aMatsumoto, David | ||
| 245 |
_aCulture and psychology _cDavid Matsumoto and Linda Juang |
||
| 250 | _aSeventh edition | ||
| 260 |
_aBoston, Massachusetts _bCengage _c2023 |
||
| 300 |
_axxvi, 468 pages : _billustartions ; _c26cm. |
||
| 504 | _aIncludes bibliographical references, glossary, and index. | ||
| 650 | _aCulture, Psychology. | ||
| 650 | _aPersonality, Culture (Psychology). | ||
| 650 | _aGender (Psychology). | ||
| 650 | _aPersonality. | ||
| 942 |
_2lcc _cBK |
||
| 999 |
_c366307 _d366307 |
||